Music Quiz

Random Music or Artist Quiz

Like a Rolling Stone Clicky-oke Quiz Stats

 Plays Quiz Updated Jan 29, 2018

Score 0/45 Timer 08:00
3 Plays Today
% Correct
dressed so fine
89.6%
a home
85.6%
next meal
85.2%
prime, didn’t you?
84.4%
like a rolling stone
82.6%
school all right, Miss Lonely
81.1%
hangin’ out
81%
like a rolling stone
80.8%
direction home
80.5%
direction home
79.4%
vacuum of his eyes
79.3%
bound to fall
79%
kiddin’ you
78.8%
make a deal?
78.2%
used to it
78.1%
Siamese cat
77.5%
seem so proud
77.3%
on your own
77.2%
laugh about
76.9%
everything he could steal
76.5%
like a rolling stone
76.1%
kicks for you
75.8%
horse with your diplomat
75.7%
% Correct
on your own
75.6%
like a rolling stone
75.5%
jugglers and the clowns
74.2%
tricks for you
73.6%
ain’t no good
73.6%
on your own
73.3%
direction home
73%
where it's at
72.6%
got it made
71.5%
pretty people
71.3%
live out on the street
71.2%
nothing to lose
69.7%
talk so loud
69.1%
never compromise
68.1%
secrets to conceal
67.3%
selling any alibis
66.5%
you'd better pawn it babe
66.3%
language that he used
65.2%
you can’t refuse
64.1%
juiced in it
60.5%
but you'd better take
59.2%
Napoleon in rags
57.6%

You're not logged in!

Compare scores with friends on all Sporcle quizzes.
OR
Log In

Sporcle TV

Today on Sporcle TV


Watch our educational content, quiz creation guides, and fun videos on Sporcle TV.

Show Comments

Extras

Top Quizzes Today


Score Distribution

Your Account Isn't Verified!

In order to create a playlist on Sporcle, you need to verify the email address you used during registration. Go to your Sporcle Settings to finish the process.

Report this User

Report this user for behavior that violates our Community Guidelines.

Details: